000 00887nam a2200229Ia 4500
999 _c41271
_d41271
001 7926
003 GE_BSU
005 20221003114045.0
008 181216s2011ru xx |||||||||||||| ||rus||
020 _a9785713313944
040 _cGE_BSU
041 _arus
080 _a327 В-88
100 _aВуд,Дж.
_914948
245 _aДипломатический церемониал и протокол /
_cДж. Вуд, Пер.с англ. Ю.П. Клюкина
264 _aМосква :
_bМеждународные отношения,
_c2011.
300 _a416 стр;
_c22 см.
653 _aДипломатический церемониал и протокол
653 _aდიპლომატიური ცერემონია და პროტოკოლი
700 _aКлюкина, Ю.П.
_eმთარგმნელი
_914949
942 _cBK
_2udc